000 00320nam a2200121Ia 4500
008 220216s9999 xx 000 0 und d
100 _aWhitlock K H
245 0 _aRecent developments in the use of neoprene for wire and cable
260 _bIRI Transactions
_c1961
300 _a78-84
650 _aNeoprene
942 _cJS
999 _c66468
_d66468